| 000 | 00894nam a2200265 a 4500 | ||
|---|---|---|---|
| 001 | 000008983 | ||
| 003 | DO-SdBNP | ||
| 005 | 20240530073931.0 | ||
| 007 | ta | ||
| 008 | 090922s1997 dr 000 p spa d | ||
| 020 | _a8489546088 | ||
| 040 |
_aDO-SdBNP _bspa _cBNPHU |
||
| 082 | 4 |
_aRD864.44 _bM351e _222 |
|
| 100 | 1 |
_aMármol, José, _d1960- _96454 |
|
| 245 | 1 | 0 |
_aÉtica del poeta : _bescritos sobre literatura y arte / _cJosé Mármol. |
| 260 |
_aSanto Domingo : _bAmigo del Hogar, _c1997. |
||
| 300 |
_a409 p. ; _c23 cm. |
||
| 590 | _aInventariado, 2022 /LP | ||
| 650 | 4 |
_aPoesía dominicana _xHistoria y crítica _ySiglo XX _923590 |
|
| 650 | 4 |
_aLiteratura dominicana _xHistoria y crítica _ySiglo XX _922986 |
|
| 650 | 4 |
_aAutores dominicanos _xHistoria y crítica _ySiglo XX _923591 |
|
| 650 | 0 |
_aEnsayos dominicanos _965 |
|
| 910 | _aValidado. Control de calidad BNPHU | ||
| 942 |
_2ddc _cLBS1 |
||
| 999 |
_c8747 _d8747 |
||